CISSP training kit / (Record no. 84699)

MARC details
000 -LEADER
fixed length control field 00576nam a22001937a 4500
005 - DATE AND TIME OF LATEST TRANSACTION
control field 20140611120104.0
010 ## - LCCN (DPL NO)
LC control number ENG-110084
020 ## - INTERNATIONAL STANDARD BOOK NUMBER
International Standard Book Number 9788120349582
Terms of availability 895.00
035 ## - SYSTEM CONTROL NUMBER
System control number EN-93617
037 ## - SOURCE OF ACQUISITION
Source of stock number/acquisition DBAD/PUB
082 ## - DEWEY DECIMAL CLASSIFICATION NUMBER
Classification number 005.8
100 ## - MAIN ENTRY--PERSONAL NAME
Personal name Miller, David R.
245 ## - TITLE STATEMENT
Title CISSP training kit /
Statement of responsibility, etc by David R. Miller
260 ## - PUBLICATION, DISTRIBUTION, ETC. (IMPRINT)
Place of publication, distribution, etc Delhi
Name of publisher, distributor, etc PHI Learning
Date of publication, distribution, etc 2014
270 ## - ADDRESS
Address Rimjhim House, 111,Patparganj Industrial Estate
City Delhi
Postal code 110092
300 ## - PHYSICAL DESCRIPTION
Extent xxxix,770p. :
Dimensions 24cm(pbk)
Other physical details ill
Accompanying material 1CD-ROM
500 ## - GENERAL NOTE
General note Includes index
942 ## - ADDED ENTRY ELEMENTS (KOHA)
Source of classification or shelving scheme Dewey Decimal Classification
Item type English Books
Call number suffix MIL
Classification part 005.8
Holdings
Withdrawn status Lost status Not for loan Collection code Home library Current library Date acquired Source of acquisition Cost, normal purchase price Full call number Barcode Copy number Cost, replacement price Koha item type
    Not For Loan Non-fiction D.B.Act.Division D.B.Act.Division 30/05/2014 DBAD/PUB 895.00 005.8 MIL EN-93617 1 895.00 English Books

© Delhi Public Library
Hit Counter
free hit counter